| 000 | 00438nam a2200169Ia 4500 | ||
|---|---|---|---|
| 003 | STCL | ||
| 008 | 181203s9999 xx 000 0 und d | ||
| 040 |
_aSTCL _bEN _cSTCL |
||
| 082 | _222 | ||
| 100 | _aVenganoor Balakrishnan | ||
| 245 | 0 | _aദശോപനിഷത്ത് | |
| 246 | _aDasopanishath / Dashopanishath | ||
| 260 |
_bVinayaka Books _aThiruvanathapuram _c2016 |
||
| 300 | _a392 | ||
| 546 | _aMalayalam | ||
| 942 |
_2ddc _cBK |
||
| 999 |
_c85467 _d85467 |
||